E-government a dopad na podnikateľa
Charakteristika a funkcie verejnej správy. Systém verejnej správy na Slovensku. Pojem e-Government, členenie a prínosy. Fungovanie e-Governmentu na Slovensku.
Salvato in:
| Autore principale: | |
|---|---|
| Altri autori: | |
| Natura: | Capitolo di libro |
| Lingua: | slovacco |
| Soggetti: | |
| Tags: |
Nessun Tag, puoi essere il primo ad aggiungerne!!
|
MARC
| LEADER | 00000nla a2200000 4500 | ||
|---|---|---|---|
| 001 | 0240550 | ||
| 005 | 20240502073919.1 | ||
| 041 | 0 | |a slo | |
| 044 | |a SK | ||
| 245 | 1 | 0 | |a E-government a dopad na podnikateľa |c Adrián Beck, Lenka Danková |
| 520 | |a Charakteristika a funkcie verejnej správy. Systém verejnej správy na Slovensku. Pojem e-Government, členenie a prínosy. Fungovanie e-Governmentu na Slovensku. | ||
| 610 | 2 | 0 | |a správa verejná |
| 610 | 2 | 0 | |a správa verejná elektronická |
| 610 | 2 | 0 | |a technológie informačné |
| 610 | 2 | 0 | |a technológie komunikačné |
| 610 | 2 | 0 | |a technológie nové |
| 610 | 2 | 0 | |a internet |
| 610 | 2 | 0 | |a podnikanie |
| 610 | 2 | 0 | |a podnikatelia |
| 610 | 2 | 0 | |a administratíva |
| 610 | 2 | 0 | |a byrokracia |
| 610 | 2 | 0 | |a Slovensko |
| 100 | 1 | |a Beck, Adrián | |
| 700 | 1 | |a Danková, Lenka, 1993- | |